[Event "Kuwait Rapid op"]
[Site "Kuwait"]
[Date "2023.12.02"]
[Round "5"]
[White "Srinivasan, Advik"]
[Black "Al Maqbali, Faham Said"]
[Result "0-1"]
[WhiteElo "1570"]
[BlackElo "1788"]
[PlyCount "102"]
[EventDate "2023.12.02"]
[EventType "swiss (rapid)"]
[EventRounds "9"]
[EventCountry "KUW"]
[SourceTitle "CB50_2023"]
[SourceDate "2023.12.13"]
[SourceVersion "1"]
[SourceVersionDate "2023.12.13"]
[SourceQuality "1"]

1. e4 c5 2. Nc3 Nc6 3. f4 e6 4. Bc4 Nf6 5. d3 d5 6. Bb3 dxe4 7. dxe4 Qxd1+ 8. Kxd1 Nd4 9. Nf3 Bd7 10. e5 Ng4 11. Rf1 Bc6 12. Ba4 0-0-0 13. Bxc6 Nxf3+ 14. Ke2 Nd4+ 15. Kd3 Nxc6+ 16. Ke4 Nb4 17. Be3 Nxe3 18. Kxe3 Nxc2+ 19. Ke2 Nxa1 20. Rxa1 Be7 21. Rc1 Kb8 22. Ne4 b6 23. Ke3 Rd4 24. Nc3 Rhd8 25. Ne4 Rb4 26. b3 Rdd4 27. Nc3 Rxf4 28. Rd1 Rbd4 29. Ne2 Rxd1 30. Nxf4 Bg5 31. g3 Bxf4+ 32. gxf4 g6 33. Ke2 Ra1 34. Kf3 Rxa2 35. Kg4 Rxh2 36. Kg5 Rf2 37. Kh6 Rxf4 38. Kxh7 g5 39. Kg8 g4 40. Kf8 g3 41. Ke7 g2 42. Kd6 g1Q 43. Ke7 Qd4 44. Ke8 Qxe5 45. Ke7 Qd5 46. Ke8 Kc7 47. Kf8 Qd8+ 48. Kg7 Qe7 49. Kh6 Rg4 50. Kh7 Qf6 51. b4 Qg7# 0-1

[Event "World Amateur-ch U2300"]
[Site "Muscat"]
[Date "2023.11.06"]
[Round "5"]
[White "Al Maqbali, Faham Said"]
[Black "Singh, Arvinder Preet"]
[Result "0-1"]
[WhiteElo "1644"]
[BlackElo "2040"]
[PlyCount "76"]
[EventDate "2023.11.02"]
[EventType "swiss"]
[EventRounds "9"]
[EventCountry "OMN"]
[SourceTitle "CB46_2023"]
[SourceDate "2023.11.15"]
[SourceVersion "1"]
[SourceVersionDate "2023.11.15"]
[SourceQuality "1"]

1. e4 c5 2. Nf3 Nc6 3. d4 cxd4 4. Nxd4 Nf6 5. Nxc6 bxc6 6. Bd3 g6 7. Nc3 Bg7 8. 0-0 d6 9. h3 0-0 10. Bd2 e5 11. Kh1 Qc7 12. Ne2 d5 13. Ng3 Be6 14. Qe2 Rfe8 15. a4 dxe4 16. Nxe4 Nxe4 17. Qxe4 f5 18. Qe2 e4 19. Bc4 Bxb2 20. Bxe6+ Rxe6 21. Rab1 Bg7 22. Qc4 Qf7 23. Rb3 Rae8 24. Rfb1 R6e7 25. Qxc6 Rc7 26. Qa6 f4 27. Rb7 e3 28. fxe3 fxe3 29. Ba5 Rxb7 30. Rxb7 Qd5 31. Rb1 e2 32. Re1 Bh6 33. Bc3 Qf7 34. Qc6 Qf1+ 35. Kh2 Bf4+ 36. g3 Bxg3+ 37. Kxg3 Re3+ 38. Kg4 Qf5+ 0-1

[Event "OMA-chT Clubs"]
[Site "Muscat"]
[Date "2022.09.02"]
[Round "9.2"]
[White "Al Maqbali, Faham Said"]
[Black "Shreyas, Seshadri Nallore"]
[Result "0-1"]
[WhiteElo "1675"]
[BlackElo "1653"]
[PlyCount "94"]
[EventDate "2022.08.26"]
[EventType "team-swiss"]
[EventRounds "9"]
[EventCountry "OMN"]
[SourceTitle "EXT 2023"]
[Source "ChessBase"]
[SourceDate "2022.10.05"]
[SourceVersion "1"]
[SourceVersionDate "2022.10.05"]
[SourceQuality "1"]
[WhiteTeam "Majees Blue"]
[BlackTeam "Ibri II"]
[WhiteTeamCountry "OMN"]
[BlackTeamCountry "OMN"]

1. d4 Nf6 2. Nf3 d5 3. c4 e6 4. e3 Nbd7 5. Nc3 b6 6. cxd5 exd5 7. Bd3 Bb7 8. 0-0 Be7 9. Re1 0-0 10. e4 dxe4 11. Nxe4 c5 12. dxc5 Nxe4 13. Bxe4 Bxe4 14. Rxe4 Nxc5 15. Rd4 Qc8 16. Be3 Bf6 17. Rd2 Ne6 18. Rc1 Qa6 19. Qb3 Rac8 20. Rdc2 Rcd8 21. Rc4 Bxb2 22. Rb1 Bf6 23. h3 Rd7 24. Rbc1 Rfd8 25. Qc2 Rd5 26. Ra4 Ra5 27. Rxa5 Qxa5 28. a4 h6 29. Qb3 Qd5 30. Qb4 Qa2 31. Qb5 Qa3 32. Qa6 Nc5 33. Qxa7 Nxa4 34. Rc7 Rd1+ 35. Kh2 Qd6+ 36. g3 Qd5 37. Kg2 Nc3 38. Qb7 Qd3 39. Nh2 Nd5 40. Rc8+ Kh7 41. Re8 Qb1 42. Nf3 Rh1 43. Nd2 Rg1+ 44. Kh2 Rh1+ 45. Kg2 Qg1+ 46. Kf3 Rxh3 47. Ne4 Qd1+ 0-1

[Event "OMA-ch"]
[Site "Muscat"]
[Date "2022.02.16"]
[Round "8"]
[White "Al Dhiyabi, Mohammed"]
[Black "Al Maqbali, Faham Said"]
[Result "1-0"]
[WhiteElo "1592"]
[BlackElo "1747"]
[PlyCount "117"]
[EventDate "2022.02.10"]
[EventType "swiss"]
[EventRounds "9"]
[EventCountry "OMN"]
[SourceTitle "EXT 2023"]
[Source "ChessBase"]
[SourceDate "2022.10.05"]
[SourceVersion "1"]
[SourceVersionDate "2022.10.05"]
[SourceQuality "1"]

1. d4 Nf6 2. Bf4 d5 3. e3 Bf5 4. Bd3 Bxd3 5. cxd3 e6 6. Nd2 Nbd7 7. Rc1 c5 8. Ne2 Be7 9. Qb3 Qb6 10. 0-0 0-0 11. Rc2 Rac8 12. Rfc1 Nh5 13. Be5 Nxe5 14. dxe5 g6 15. a4 Qc7 16. f4 Qd7 17. a5 Rb8 18. Qa2 b5 19. b4 c4 20. dxc4 dxc4 21. Qb2 Qd3 22. Kf2 Qd5 23. Nc3 Qc6 24. Nf3 a6 25. Nd4 Qb7 26. Rd2 Ng7 27. Rcd1 Rbd8 28. Qb1 f6 29. exf6 Bxf6 30. Ne4 Be7 31. Nf3 Rxd2+ 32. Rxd2 Qc7 33. g3 Rd8 34. Rxd8+ Qxd8 35. Nc5 Bxc5 36. bxc5 Qd5 37. Qb4 Nf5 38. g4 Ne7 39. Ne5 Qh1 40. Nf3 Nc6 41. Qd2 Qb1 42. Qd7 Qc2+ 43. Kg3 Qe4 44. Qe8+ Kg7 45. Qd7+ Kf8 46. Qxh7 b4 47. Qh8+ Ke7 48. Qg7+ Ke8 49. Qg8+ Kd7 50. Qf7+ Kc8 51. Qf8+ Nd8 52. Qd6 Nc6 53. Qf8+ Kd7 54. Qf7+ Ne7 55. Ne5+ Kc8 56. Qe8+ Kb7 57. Qxe7+ Ka8 58. Qd8+ Kb7 59. Nf3 1-0

[Event "OMA-ch"]
[Site "Muscat"]
[Date "2022.02.13"]
[Round "5"]
[White "Al Maqbali, Faham Said"]
[Black "Shimas, Said Issa"]
[Result "0-1"]
[WhiteElo "1747"]
[BlackElo "1593"]
[PlyCount "102"]
[EventDate "2022.02.10"]
[EventType "swiss"]
[EventRounds "9"]
[EventCountry "OMN"]
[SourceTitle "EXT 2023"]
[Source "ChessBase"]
[SourceDate "2022.10.05"]
[SourceVersion "1"]
[SourceVersionDate "2022.10.05"]
[SourceQuality "1"]

1. e4 c6 2. d4 d5 3. exd5 cxd5 4. Nf3 Bg4 5. Be2 Nf6 6. 0-0 Nc6 7. c3 e6 8. Bg5 Be7 9. Nbd2 Qb6 10. b4 Rc8 11. a4 0-0 12. a5 Qc7 13. Rc1 Bxf3 14. Bxf3 a6 15. Re1 h6 16. Bh4 Na7 17. Be2 Rfd8 18. Bd3 Ne8 19. Bxe7 Qxe7 20. f4 Qf6 21. Qg4 Nd6 22. Nb3 Nab5 23. Nc5 Nxc3 24. Re5 Ncb5 25. Bxb5 Nxb5 26. Rd1 Nd6 27. Rf1 Rc7 28. Qd1 Nc4 29. Re2 Qf5 30. Kh1 Re8 31. h3 Rce7 32. g4 Qf6 33. Kh2 Qh4 34. Qd3 Kh8 35. Rg2 f6 36. Qf3 e5 37. fxe5 fxe5 38. Re2 exd4 39. Rxe7 Qxe7 40. Rf2 Qe5+ 41. Kh1 Ne3 42. Qf7 Re7 43. Qg6 Re8 44. Rf7 Rg8 45. Rf2 Re8 46. Qf7 Re7 47. Qg6 Re8 48. Rf3 Rg8 49. Nd7 Nc4 50. Qf7 Qe4 51. Qf5 d3 0-1